Automobile road map of Los Angeles and vicinity, California /

Saved in:
Bibliographic Details
Corporate Author: Automobile Club of Southern California. Route and Map Service Department.
Format: Map
Language:English
Published: Los Angeles, Cal. : The Club, [192-?]
Subjects:
Tags: Add Tag
No Tags, Be the first to tag this record!
LEADER 00986nem a2200265Ia 4500
001 003473120-2
005 20020606093309.7
008 920311q19201929caudg a 1 eng d
034 1 |a a  |b 200000 
035 0 |a ocm25463404 
040 |a CLU  |c CLU  |d FLL 
043 |a n-us-ca 
052 |a 4364  |b L8 
090 |a G4364.L8P2 1920  |b .A98 
110 2 |a Automobile Club of Southern California.  |b Route and Map Service Department. 
245 1 0 |a Automobile road map of Los Angeles and vicinity, California /  |c prepared by the Route and Map Service Department, Automobile Club of California. 
255 |a Scale [ca. 1:200,000]. 
260 |a Los Angeles, Cal. :  |b The Club,  |c [192-?] 
300 |a 1 map ;  |c 65 x 106 cm., folded to 28 x 10 cm. 
500 |a Relief shown by hachures and spot heights. 
500 |a "Map Service of the Automobile Club of Southern California." 
500 |a Index on verso. 
651 0 |a Los Angeles Metropolitan Area (Calif.)  |v Maps. 
988 |a 20020608 
906 |0 OCLC